Comuni della Provincia di Brescia - Statistics

Statistiche generali
  • Questo quiz è stato fatto 81 volte
  • Il punteggio medio è 80 su 205
Statistiche sulle risposte
Comune % Corretto
Brescia
85%
Iseo
85%
Salò
85%
Desenzano del Garda
79%
Edolo
79%
Montichiari
79%
Sirmione
74%
Lumezzane
71%
Chiari
68%
Gardone Riviera
65%
Orzinuovi
65%
Breno
62%
Ghedi
62%
Limone sul Garda
62%
Ospitaletto
62%
Ponte di Legno
62%
Rovato
62%
Nave
59%
Temù
59%
Gardone Val Trompia
56%
Manerbio
56%
Palazzolo sull'Oglio
56%
Darfo Boario Terme
53%
Monte Isola
53%
Orzivecchi
53%
Pisogne
53%
Bagnolo Mella
50%
Gussago
50%
Leno
50%
Malonno
50%
Paratico
50%
Rezzato
50%
Toscolano Maderno
50%
Bedizzole
47%
Bienno
47%
Borno
47%
Castegnato
47%
Erbusco
47%
Esine
47%
Idro
47%
Mazzano
47%
Ome
47%
Sonico
47%
Sulzano
47%
Verolanuova
47%
Zone
47%
Acquafredda
44%
Adro
44%
Cazzago San Martino
44%
Lonato del Garda
44%
Moniga del Garda
44%
Nuvolento
44%
Passirano
44%
Pian Camuno
44%
Sale Marasino
44%
Sarezzo
44%
Travagliato
44%
Anfo
41%
Bagolino
41%
Borgo San Giacomo
41%
Borgosatollo
41%
Botticino
41%
Caino
41%
Concesio
41%
Corte Franca
41%
Corteno Golgi
41%
Flero
41%
Incudine
41%
Marone
41%
Prevalle
41%
Provaglio d'Iseo
41%
Roncadelle
41%
Vestone
41%
Vezza d'Oglio
41%
Vobarno
41%
Agnosine
38%
Artogne
38%
Berzo Demo
38%
Bovezzo
38%
Braone
38%
Capriolo
38%
Castenedolo
38%
Dello
38%
Gavardo
38%
Irma
38%
Monno
38%
Montirone
38%
Nuvolera
38%
Odolo
38%
Pompiano
38%
Pontoglio
38%
Pozzolengo
38%
Rodengo-Saiano
38%
Villa Carcina
38%
Berzo Inferiore
35%
Calcinato
35%
Castel Mella
35%
Casto
35%
Cellatica
35%
Collio
35%
Gottolengo
35%
Lavenone
35%
Lodrino
35%
Lograto
35%
Manerba del Garda
35%
Monticelli Brusati
35%
Offlaga
35%
Ono San Pietro
35%
Padenghe sul Garda
35%
Paderno Franciacorta
35%
Paspardo
35%
Pertica Alta
35%
Pertica Bassa
35%
Poncarale
35%
Pontevico
35%
Pralboino
35%
Rudiano
35%
San Zeno Naviglio
35%
Tavernole sul Mella
35%
Tignale
35%
Vione
35%
Alfianello
32%
Angolo Terme
32%
Azzano Mella
32%
Barbariga
32%
Calvisano
32%
Capriano del Colle
32%
Carpenedolo
32%
Castelcovati
32%
Castrezzato
32%
Cigole
32%
Fiesse
32%
Gambara
32%
Gargnano
32%
Isorella
32%
Magasa
32%
Mairano
32%
Niardo
32%
Quinzano d'Oglio
32%
Remedello
32%
Roè Volciano
32%
Sabbio Chiese
32%
San Gervasio Bresciano
32%
San Paolo
32%
Saviore dell'Adamello
32%
Serle
32%
Tremosine sul Garda
32%
Urago d'Oglio
32%
Valvestino
32%
Villanuova sul Clisi
32%
Bassano Bresciano
29%
Bione
29%
Brandico
29%
Brione
29%
Capo di Ponte
29%
Cedegolo
29%
Ceto
29%
Cevo
29%
Cimbergo
29%
Coccaglio
29%
Gianico
29%
Longhena
29%
Losine
29%
Maclodio
29%
Malegno
29%
Marcheno
29%
Muscoline
29%
Paitone
29%
Polaveno
29%
Puegnago del Garda
29%
San Felice del Benaco
29%
Sellero
29%
Soiano del Lago
29%
Treviso Bresciano
29%
Bovegno
26%
Capovalle
26%
Cerveno
26%
Cividate Camuno
26%
Cologne
26%
Lozio
26%
Marmentino
26%
Milzano
26%
Mura
26%
Ossimo
26%
Paisco Loveno
26%
Pezzaze
26%
Piancogno
26%
Polpenazze del Garda
26%
Preseglie
26%
Provaglio Val Sabbia
26%
Seniga
26%
Trenzano
26%
Vallio Terme
26%
Villachiara
26%
Visano
26%
Barghe
24%
Calvagese della Riviera
24%
Collebeato
24%
Pavone del Mella
24%
Roccafranca
24%
Berlingo
21%
Comezzano-Cizzago
21%
Torbole Casaglia
21%
Corzano
15%
Verolvecchia
9%
Nessun quiz corrispondente trovato
Distribuzione punteggi
Percentuale di utenti per punteggio
Percentile per numero di risposta
I tuoi punteggi nel tempo
Non hai fatto questo quiz